000 00701cam a2200193 4500
001 4470
005 20181127173450.0
008 060622s2005 ii a f000 0 eng
010 _a 2006561789
043 _aa-ii---
_aa-bt---
100 1 _aNielsen, Henrik A.
245 1 0 _aBhutan - Denmark :
_c
_bDeveloping a partnership through 35 years /
_cHenrik A Nielsen, Gopilal Acharya.
_b
260 _aThimphu :
_bHenrik A Nielsen & Gopilal Acharya,
_c2014.
300 _a210 p. :
_bchiefly col. ill. ;
_c25 cm.
651 0 _aBhutan
_xRelations
_zDenmark
_vPictorial works.
651 0 _aBhutan
_xRelations
_zDenmark.
651 0 _aDenmark
_xRelations
_zBhutan
_vPictorial works.
651 0 _aDenmark
_xRelations
_zBhutan.
999 _c3701
_d3701